000 00185 a2200097 4500
020 _a9780030564673
041 _aeng
100 _aHolt
245 _aGreat british histories
942 _cBK
999 _c30271
_d30269